000 00396cam a2200169ua 4500
001 5995
008 131030n ii |||gr||||Z||||||eng
040 _cMAIN
082 _a909
100 _aKhurana,K.L,
_eAuthor.
245 _aWorld History
_cby K.L. Khurana
250 _a1st ed.
260 _aAgra:
_bLakshmi Narain Agarwal,
_c1997.
300 _a316p.
653 _aWorld history
942 _cBK
999 _c5149
_d5149